Mobile commerce / (Record no. 79489)

MARC details
000 -LEADER
fixed length control field 00583nam a22001937a 4500
005 - DATE AND TIME OF LATEST TRANSACTION
control field 20140217105839.0
010 ## - LCCN (DPL NO)
LC control number ENG-108560
020 ## - INTERNATIONAL STANDARD BOOK NUMBER
International Standard Book Number 9788120348059
Terms of availability 395.00
035 ## - SYSTEM CONTROL NUMBER
System control number EN-92093
037 ## - SOURCE OF ACQUISITION
Source of stock number/acquisition DBAD/PUB
082 ## - DEWEY DECIMAL CLASSIFICATION NUMBER
Classification number 658.872
100 ## - MAIN ENTRY--PERSONAL NAME
Personal name Bandyopadhyay, Karabi
245 ## - TITLE STATEMENT
Title Mobile commerce /
Statement of responsibility, etc by Karabi Bandyopadhyay
260 ## - PUBLICATION, DISTRIBUTION, ETC. (IMPRINT)
Place of publication, distribution, etc Delhi
Name of publisher, distributor, etc PHI Learning
Date of publication, distribution, etc 2013
270 ## - ADDRESS
Address Rimjhim House, 111, Patparganj Industrail Estate
City Delhi
Postal code 110092
300 ## - PHYSICAL DESCRIPTION
Extent xvii, 380p. :
Dimensions 24cm (pbk)
Other physical details ill.
500 ## - GENERAL NOTE
General note Includes Index<br/>
942 ## - ADDED ENTRY ELEMENTS (KOHA)
Source of classification or shelving scheme Dewey Decimal Classification
Item type English Books
Call number suffix BAN
Classification part 658.872
Holdings
Withdrawn status Lost status Not for loan Collection code Home library Current library Date acquired Source of acquisition Cost, normal purchase price Full call number Barcode Copy number Cost, replacement price Koha item type
    Not For Loan Non-fiction D.B.Act.Division D.B.Act.Division 20/09/2013 DBAD/PUB 395.00 658.872 BAN EN-92093 1 395.00 English Books

© Delhi Public Library
Hit Counter
free hit counter